Beethoven

সংরক্ষণ করুন:
গ্রন্থ-পঞ্জীর বিবরন
প্রধান লেখক: Leuchter, Erwin (Author)
বিন্যাস: গ্রন্থ
ভাষা:স্প্যানিশ
প্রকাশিত: Buenos Aires Ricordi Americana 1943
বিষয়গুলি:
ট্যাগগুলো: ট্যাগ যুক্ত করুন
কোনো ট্যাগ নেই, প্রথমজন হিসাবে ট্যাগ করুন!

MARC

LEADER 00000nam a2200000 a 4500
001 UCN1203
003 CL-VaPUC
008 010420e19430000AG |||||||||||||||||spa|d
082 0 4 |a 780.92  |b LEU  |2 21 
100 |a Leuchter, Erwin  |e author  |9 483256 
245 1 0 |a Beethoven 
300 |a 149 p 
942 |c BK 
945 |d 20010420 00:00:00  |a crobeson 
260 |a Buenos Aires  |b Ricordi Americana  |c 1943 
600 0 |a Beethoven, Ludwig van  |d 1770​-1827  |e compositor  |9 306286 
650 0 |a Compositores alemanes  |9 324765 
650 0 |a Músicos alemanes  |9 306627 
583 |a last modification  |c 20010420 00:00:00  |k Rodrigo Vera 
999 |c 294778  |d 294776 
952 |0 0  |1 0  |4 0  |6 780_920000000000000_LEU_1943  |7 0  |8 A  |9 347497  |a BIBEDU  |b BIBEDU  |d 2019-11-20  |i 124924K  |o 780.92 LEU 1943  |p 124924K  |r 2023-01-12  |w 2019-11-20  |y BK  |k MUS